000 01483nam0a2200313 4500
001 RU\NLR\bibl\212597
005 20260407070755.0
010 _a5-93765-007-7
_91000
021 _aRU
_b2001-628и
_948и
035 _a(NLR Aleph) 001341613
090 _a864408
_c864408
100 _a20011213d2001 |||y0rusy50 ca
101 0 _arus
102 _aRU
105 _aa |||||||||
200 1 _aАлександр Муравьев
_eЖивопись.Графика
_e[Кат.]
_fКом. по культуре Администрации Иркут. обл., Упр. культуры Администрации г. Иркутска, Иркут. обл. худож. музей им. В.П. Сукачева
_g[Ст.: И. Бордовская]
210 _aИркутск
_cАртиздат
_d2001
215 _a[32] с.
_cил., цв. ил.
_d28
600 1 _aМуравьев
_bА.
_f1948
_gАлександр
_9945687
_3RU\NLR\auth\66350596
686 _aЩ143(2Р=Рус)7-8Муравьев
686 _aЩ101.3(2Р)-2Иркутск2Иркутский областной художественный музей
712 0 2 _4570
_aИркутский областной художественный музей им. В. П. Сукачева
_3RU\NLR\AUTH\8810034286
_9566913
801 0 _aRU
_bNLR
_c20011213
_gPSBO
801 1 _aRU
_bNLR
_c20011213
852 _aNLR
_bЭ
_jАлИс590/2-М910
942 _cBOOK
980 _aNB